000 00625nam a2200229Ia 4500
003 OSt
005 20220924114641.0
006 a|||||r|||| 00| 0
007 ta
008 220923b |||||||| |||| 00| 0 san d
024 _a77406
037 _cTextual
040 _aARTS
_cARTS
_bsan
041 _2san
_asan
082 _aR693x1,1, 15G2 (P15)
100 _aUmaswati
_9174679
245 0 _aTattvarthadhigamsutra tr by Khub Chandra
260 _aBombay
_bParmashrut
_c1932
650 _aJAIN PHILOSOPHY
942 _hR693x1,1, 15G2 (P15)
_cTEXL
_2CC
999 _c394644
_d394644